<?xml version="1.0" encoding="UTF-8"?>
<collection xmlns="http://www.loc.gov/MARC21/slim">
<record>
  <controlfield tag="001">148177</controlfield>
  <controlfield tag="005">20250114175434.0</controlfield>
  <datafield tag="024" ind1="7" ind2=" ">
    <subfield code="2">doi</subfield>
    <subfield code="a">10.1016/j.atherosclerosis.2019.06.319</subfield>
  </datafield>
  <datafield tag="024" ind1="8" ind2=" ">
    <subfield code="2">sideral</subfield>
    <subfield code="a">123637</subfield>
  </datafield>
  <datafield tag="037" ind1=" " ind2=" ">
    <subfield code="a">ART-2019-123637</subfield>
  </datafield>
  <datafield tag="041" ind1=" " ind2=" ">
    <subfield code="a">eng</subfield>
  </datafield>
  <datafield tag="100" ind1=" " ind2=" ">
    <subfield code="a">Bea, A.M.</subfield>
  </datafield>
  <datafield tag="245" ind1=" " ind2=" ">
    <subfield code="a">Lipid-lowering response in subjects with the p.(leu167del) mutation in apoe gene</subfield>
  </datafield>
  <datafield tag="260" ind1=" " ind2=" ">
    <subfield code="c">2019</subfield>
  </datafield>
  <datafield tag="520" ind1="3" ind2=" ">
    <subfield code="a">ePoster EAS19-0388
Background and Aims: Approximately 20-30% of clinically defined familial hypercholesterolemia (FH) cases do not show a causative mutation in candidate genes. The p.(Leu167del) mutation in the APOE as a new cause of FH has recently been described. The aim of this work was to compared the effect of lipid lowering drugs among FH subjects with a functional mutation in the LDLR gene (LDLR FH) and FH with the p.(Leu167del) mutation in the APOE gene.
Methods: We retrospectively selected all adults with the p.(Leu167del) mutation on lipid-lowering treatment (n=22) attending the Lipid Unit at the Hospital Universitario Miguel Servet, Zaragoza, Spain. Age and sex matched LDLR FH from the same Lipid Unit were randomly selected as a control group (n=44).
Results: The p.(Leu167del) carriers presented triglycerides and C-reactive protein concentrations significantly higher than LDLR FH, (p &lt;0.001, and p &lt;0.03, respectively). Mean follow-up under lipid-lowering drugs was 4 years in p.(Leu167del) carriers and 3 years in LDLR FH without a significant difference between groups (p = 0.330). The mean percentage reduction in LDL cholesterol was significantly higher in the p.(Leu167del) carriers (-52.1%) than in the LDLR FH (-39.7%) (p = 0.040) when on high intensity statins. Similar differences between groups were observed in non-HDL cholesterol -49.4 % and -36.4%, respectively (p = 0.030).
Conclusions: Subjects with p.(Leu167del) mutation have a higher lipid-lowering response to statins with or without ezetimibe than LDLR FH subjects. This supports the use of genetics for more efficient management of FH subjects.</subfield>
  </datafield>
  <datafield tag="506" ind1="0" ind2=" ">
    <subfield code="a">Access copy available to the general public</subfield>
    <subfield code="f">Unrestricted</subfield>
  </datafield>
  <datafield tag="540" ind1=" " ind2=" ">
    <subfield code="9">info:eu-repo/semantics/openAccess</subfield>
    <subfield code="a">by</subfield>
    <subfield code="u">http://creativecommons.org/licenses/by/3.0/es/</subfield>
  </datafield>
  <datafield tag="590" ind1=" " ind2=" ">
    <subfield code="a">3.919</subfield>
    <subfield code="b">2019</subfield>
  </datafield>
  <datafield tag="591" ind1=" " ind2=" ">
    <subfield code="a">PERIPHERAL VASCULAR DISEASE</subfield>
    <subfield code="b">16 / 65 = 0.246</subfield>
    <subfield code="c">2019</subfield>
    <subfield code="d">Q1</subfield>
    <subfield code="e">T1</subfield>
  </datafield>
  <datafield tag="591" ind1=" " ind2=" ">
    <subfield code="a">CARDIAC &amp; CARDIOVASCULAR SYSTEMS</subfield>
    <subfield code="b">42 / 138 = 0.304</subfield>
    <subfield code="c">2019</subfield>
    <subfield code="d">Q2</subfield>
    <subfield code="e">T1</subfield>
  </datafield>
  <datafield tag="592" ind1=" " ind2=" ">
    <subfield code="a">1.515</subfield>
    <subfield code="b">2019</subfield>
  </datafield>
  <datafield tag="593" ind1=" " ind2=" ">
    <subfield code="a">Cardiology and Cardiovascular Medicine</subfield>
    <subfield code="c">2019</subfield>
    <subfield code="d">Q1</subfield>
  </datafield>
  <datafield tag="655" ind1=" " ind2="4">
    <subfield code="a">info:eu-repo/semantics/conferenceObject</subfield>
    <subfield code="v">info:eu-repo/semantics/publishedVersion</subfield>
  </datafield>
  <datafield tag="700" ind1=" " ind2=" ">
    <subfield code="a">Lamiquiz-Moneo, I.</subfield>
    <subfield code="u">Universidad de Zaragoza</subfield>
    <subfield code="0">(orcid)0000-0002-9647-0108</subfield>
  </datafield>
  <datafield tag="700" ind1=" " ind2=" ">
    <subfield code="a">Marco-Benedi, V.</subfield>
  </datafield>
  <datafield tag="700" ind1=" " ind2=" ">
    <subfield code="a">Mateo-Gallego, R.</subfield>
    <subfield code="u">Universidad de Zaragoza</subfield>
    <subfield code="0">(orcid)0000-0001-6650-8294</subfield>
  </datafield>
  <datafield tag="700" ind1=" " ind2=" ">
    <subfield code="a">Perez-Calahorra, S.</subfield>
    <subfield code="u">Universidad de Zaragoza</subfield>
    <subfield code="0">(orcid)0000-0002-1894-1621</subfield>
  </datafield>
  <datafield tag="700" ind1=" " ind2=" ">
    <subfield code="a">Jarauta, E.</subfield>
    <subfield code="u">Universidad de Zaragoza</subfield>
    <subfield code="0">(orcid)0000-0001-9142-0737</subfield>
  </datafield>
  <datafield tag="700" ind1=" " ind2=" ">
    <subfield code="a">Martin, C.</subfield>
  </datafield>
  <datafield tag="700" ind1=" " ind2=" ">
    <subfield code="a">Cenarro, A.</subfield>
  </datafield>
  <datafield tag="700" ind1=" " ind2=" ">
    <subfield code="a">Civeira, F.</subfield>
    <subfield code="u">Universidad de Zaragoza</subfield>
    <subfield code="0">(orcid)0000-0001-7043-0952</subfield>
  </datafield>
  <datafield tag="710" ind1="2" ind2=" ">
    <subfield code="1">1006</subfield>
    <subfield code="2">255</subfield>
    <subfield code="a">Universidad de Zaragoza</subfield>
    <subfield code="b">Dpto. Fisiatría y Enfermería</subfield>
    <subfield code="c">Área Enfermería</subfield>
  </datafield>
  <datafield tag="710" ind1="2" ind2=" ">
    <subfield code="1">1003</subfield>
    <subfield code="2">027</subfield>
    <subfield code="a">Universidad de Zaragoza</subfield>
    <subfield code="b">Dpto. Anatom.Histolog.Humanas</subfield>
    <subfield code="c">Area Anatom.Embriol.Humana</subfield>
  </datafield>
  <datafield tag="710" ind1="2" ind2=" ">
    <subfield code="1">1007</subfield>
    <subfield code="2">610</subfield>
    <subfield code="a">Universidad de Zaragoza</subfield>
    <subfield code="b">Dpto. Medicina, Psiqu. y Derm.</subfield>
    <subfield code="c">Area Medicina</subfield>
  </datafield>
  <datafield tag="773" ind1=" " ind2=" ">
    <subfield code="g">287 (2019), e109</subfield>
    <subfield code="p">Atherosclerosis</subfield>
    <subfield code="t">Atherosclerosis</subfield>
    <subfield code="x">0021-9150</subfield>
  </datafield>
  <datafield tag="856" ind1="4" ind2=" ">
    <subfield code="s">54176</subfield>
    <subfield code="u">http://zaguan.unizar.es/record/148177/files/texto_completo.pdf</subfield>
    <subfield code="y">Versión publicada</subfield>
  </datafield>
  <datafield tag="856" ind1="4" ind2=" ">
    <subfield code="s">3400237</subfield>
    <subfield code="u">http://zaguan.unizar.es/record/148177/files/texto_completo.jpg?subformat=icon</subfield>
    <subfield code="x">icon</subfield>
    <subfield code="y">Versión publicada</subfield>
  </datafield>
  <datafield tag="909" ind1="C" ind2="O">
    <subfield code="o">oai:zaguan.unizar.es:148177</subfield>
    <subfield code="p">articulos</subfield>
    <subfield code="p">driver</subfield>
  </datafield>
  <datafield tag="951" ind1=" " ind2=" ">
    <subfield code="a">2025-01-14-15:48:54</subfield>
  </datafield>
  <datafield tag="980" ind1=" " ind2=" ">
    <subfield code="a">ARTICLE</subfield>
  </datafield>
</record>
</collection>